| 000 | 01418cam a2200421 i 4500 | ||
|---|---|---|---|
| 999 |
_c200431223 _d49435 |
||
| 001 | 200431223 | ||
| 003 | TR-AnTOB | ||
| 005 | 20200603151943.0 | ||
| 007 | ta | ||
| 008 | 140605s2012 tu b 001 0 tur d | ||
| 020 | _a6054220527 | ||
| 020 | _a9786054220526 | ||
| 035 | _a(OCoLC)881257646 | ||
| 035 | _a(TR-AnTOB) | ||
| 040 |
_aSULEY _beng _erda _cSULEY _dTR-AnTOB |
||
| 041 | 0 |
_atur _aeng |
|
| 049 | _aMAIN | ||
| 050 | 1 | 4 | _aQA76.73.J38 |
| 090 |
_aQA76.73.J38 _bU88 2012 |
||
| 100 | 1 |
_aUsta, Rahman _eauthor _9122250 |
|
| 245 | 1 | 0 |
_aJava mimarisiyle kurumsal çözümler : _bkurumsal Java / _cRahman Usta ; editör Altuğ B. Altıntaş. |
| 250 | _a1. basım ; Ekim 2012 | ||
| 264 | 1 |
_aİstanbul : _bPapatya Yayıncılık, _c2012. |
|
| 300 |
_axii, 271 pages ; _c24 cm |
||
| 336 |
_atext _btxt _2rdacontent |
||
| 337 |
_aunmediated _bn _2rdamedia |
||
| 338 |
_avolume _bnc _2rdacarrier |
||
| 504 | _aIncludes bibliographical references ad index. | ||
| 505 | 0 | _aJ2EE--Java EE6--Spring Framework JPA--Hibernate--WEB servisleri--JSF--EJB | |
| 546 | _aTurkish and English. | ||
| 590 | _aKİBA | ||
| 650 | 0 |
_aJava (Bilgisayar programlama dili) _922647 |
|
| 650 | 7 |
_aWeb sunucuları _2etuturkob _929372 |
|
| 700 | 1 |
_aAltıntaş, Altuğ B. _eeditor _925655 |
|
| 856 |
_3Publisher web page _uhttp://www.papatya.gen.tr/JavaMimarisiyleKurumsalCozumler.htm |
||
| 942 |
_2lcc _cBK |
||